Online
Catalog

Humanización de las zonas fronterizas dominico-haitianas / (Record no. 15283)

MARC details
000 -CABECERA
campo de control de longitud fija 01115nam a2200313 i 4500
001 - NÚMERO DE CONTROL
campo de control 000015733
003 - IDENTIFICADOR DEL NÚMERO DE CONTROL
campo de control DO-SdBNP
005 - FECHA Y HORA DE LA ÚLTIMA TRANSACCIÓN
campo de control 20230508125149.0
007 - CAMPO FIJO DE DESCRIPCIÓN FÍSICA--INFORMACIÓN GENERAL
campo de control de longitud fija ta
008 - DATOS DE LONGITUD FIJA--INFORMACIÓN GENERAL
campo de control de longitud fija 100217e1992 dr ab gr 000 e spa d
040 ## - FUENTE DE LA CATALOGACIÓN
Centro catalogador/agencia de origen DO-SdBNP
Lengua de catalogación spa
Centro/agencia transcriptor BNPHU
Normas de descripción rda
082 #4 - NÚMERO DE LA CLASIFICACIÓN DECIMAL DEWEY
Número de clasificación 341.42729307294
Número de documento/Ítem H557h
Número de edición 22
100 1# - ENTRADA PRINCIPAL--NOMBRE DE PERSONA
Nombre de persona Hernández U., Marino A.
9 (RLIN) 35400
245 10 - MENCIÓN DE TÍTULO
Título Humanización de las zonas fronterizas dominico-haitianas /
Mención de responsabilidad, etc. Marino A. Hernández U.
264 ## - PRODUCCIÓN, PUBLICACIÓN, DISTRIBUCIÓN, FABRICACIÓN Y COPYRIGHT
Producción, publicación, distribución, fabricación y copyright Santo Domingo :
Nombre del de productor, editor, distribuidor, fabricante Taller,
Fecha de producción, publicación, distribución, fabricación o copyright 1992.
300 ## - DESCRIPCIÓN FÍSICA
Extensión xxix, 439 páginas :
Otras características físicas ilustraciones, gráficas ;
Dimensiones 22 cm.
336 ## - TIPO DE CONTENIDO
Fuente rdacontent
Término de tipo de contenido texto
Código de tipo de contenido txt
337 ## - TIPO DE MEDIO
Fuente rdamedia
Nombre/término del tipo de medio sin mediación
Código del tipo de medio n
338 ## - TIPO DE SOPORTE
Fuente rdacarrier
Nombre/término del tipo de soporte volumen
Código del tipo de soporte nc
590 ## - NOTA LOCAL (RLIN)
Nota local Inventariado, 2018/BT
650 #4 - PUNTO DE ACCESO ADICIONAL DE MATERIA--TÉRMINO DE MATERIA
Término de materia o nombre geográfico como elemento de entrada Haití
Subdivisión general Incidentes fronterizos
9 (RLIN) 9549
651 #4 - PUNTO DE ACCESO ADICIONAL DE MATERIA--NOMBRE GEOGRÁFICO
Nombre geográfico República Dominicana
Subdivisión de forma Límites
Subdivisión general Historia
9 (RLIN) 9547
651 #4 - PUNTO DE ACCESO ADICIONAL DE MATERIA--NOMBRE GEOGRÁFICO
Nombre geográfico Haití
Subdivisión de forma Límotes
Subdivisión general Historia
9 (RLIN) 9548
651 #4 - PUNTO DE ACCESO ADICIONAL DE MATERIA--NOMBRE GEOGRÁFICO
Nombre geográfico República Dominicana
Subdivisión general Incidentes Fronterizos
9 (RLIN) 8407
651 #4 - PUNTO DE ACCESO ADICIONAL DE MATERIA--NOMBRE GEOGRÁFICO
Nombre geográfico República Dominicana
Subdivisión general Historia
9 (RLIN) 170
651 #4 - PUNTO DE ACCESO ADICIONAL DE MATERIA--NOMBRE GEOGRÁFICO
Nombre geográfico Haití
Subdivisión general Historia
9 (RLIN) 8418
910 ## - DATOS DE OPCIÓN DEL USUARIO (OCLC)
Datos de opción del usuario Validado. Control de calidad. EMS
942 ## - ELEMENTOS DE PUNTO DE ACCESO ADICIONAL (KOHA)
Fuente del sistema de clasificación o colocación Dewey Decimal Classification
Tipo de ítem Koha Libro
Holdings
Estado de retiro Estado de pérdida Fuente del sistema de clasificación o colocación Restricciones de uso No para préstamo Código de colección Localización permanente Ubicación/localización actual Ubicación en estantería Fecha de adquisición Signatura topográfica completa Código de barras Fecha visto por última vez Número de copia Precio válido a partir de Tipo de ítem Koha Fuente de adquisición
    Dewey Decimal Classification Préstamo en sala   Dominicana de Servicio Biblioteca Nacional Pedro Henríquez Ureña Biblioteca Nacional Pedro Henríquez Ureña Depósito 17.02.2010 BNPHU DS 341.42729307294 H557h 15733-30 25.06.2020 e.3 25.06.2020 Libro  
    Dewey Decimal Classification Préstamo en sala   Dominicana de Servicio Biblioteca Nacional Pedro Henríquez Ureña Biblioteca Nacional Pedro Henríquez Ureña Depósito 17.02.2010 BNPHU DS 341.42729307294 H557h 15733-40 25.06.2020 e.4 25.06.2020 Libro  
    Dewey Decimal Classification Excluido de préstamo   Patrimonio Dominicano Biblioteca Nacional Pedro Henríquez Ureña Biblioteca Nacional Pedro Henríquez Ureña Depósito 17.02.2010 BNPHU PD 341.42729307294 H557h 15733-10 25.06.2020   25.06.2020 Libro  
    Dewey Decimal Classification Excluido de préstamo   Patrimonio Dominicano Biblioteca Nacional Pedro Henríquez Ureña Biblioteca Nacional Pedro Henríquez Ureña Depósito 17.02.2010 BNPHU PD 341.42729307294 H557h 15733-20 25.06.2020 e.2 25.06.2020 Libro  
    Dewey Decimal Classification Préstamo en sala   Dominicana de Servicio Biblioteca Nacional Pedro Henríquez Ureña Biblioteca Nacional Pedro Henríquez Ureña Depósito 22.06.2020 BNPHU DS 341.42729307294 H557h 2023-0893 14.02.2023 e.5 14.02.2023 Libro Compra

Powered by Koha